| 000 | 00851cam a22002174a 4500 | ||
|---|---|---|---|
| 005 | 20250605164249.0 | ||
| 008 | 250528s ||||||||||||||||||||||||d | ||
| 035 | _a21648 | ||
| 020 | _a9780395888551 | ||
| 040 |
_aGR-AtMCL _bgre _dGR-AtMCL _eAACR2 |
||
| 245 | 1 | _aCOMMUNICATION: THEORIES AND APPLICATIONS | |
| 250 | _a1 | ||
| 260 |
_bHoughton Mifflin, _c2000 |
||
| 300 | _a461 | ||
| 505 | 0 | _aFUNDAMENTALS OF HUMAN COMMUNICATION CONTEXT AND PRINCIPLES OF COMMUNICATION PERCEIVING, LISTENING AND RESPONDING ATTRIBUTION OF MEANING IN VERBAL AND NONVERBAL COMMUNICATION | |
| 520 | _aFUNDAMENTALS OF HUMAN COMMUNICATION CONTEXT AND PRINCIPLES OF COMMUNICATION PERCEIVING, LISTENING AND RESPONDING ATTRIBUTION OF MEANING IN VERBAL AND NONVERBAL COMMUNICATION | ||
| 700 | 1 |
_aRedmond Mark V _97584 |
|
| 942 | _cBK | ||
| 999 |
_c6709 _d6709 |
||